000 00232nam a2200097Ia 4500
008 190216s9999||||xx |||||||||||||| ||und||
100 _aRamachandra Varma
245 0 _aHindi-Achie Hindi
260 _bLokh Bharathi Bakson
942 _cBK
999 _c16995
_d16995